Catálogo de la Biblioteca Horacio González - Universidad Nacional de General Sarmiento

Los desconocidos de siempre (Registro nro. 54296)

Detalles MARC
000 -CABECERA
campo de control de longitud fija 01824ngm a22002770a 4500
001 - NÚMERO DE CONTROL
campo de control PT16374
003 - IDENTIFICADOR DEL NÚMERO DE CONTROL
campo de control AR-LpoUNG
005 - FECHA Y HORA DE LA ÚLTIMA TRANSACCIÓN
campo de control 20210202000203.0
007 - CAMPO FIJO DE DESCRIPCIÓN FÍSICA--INFORMACIÓN GENERAL
campo de control de longitud fija vd cvaizq
008 - DATOS DE LONGITUD FIJA--INFORMACIÓN GENERAL
campo de control de longitud fija 191001suuuu||||ag |||||||||||||||||ita d
040 ## - FUENTE DE LA CATALOGACIÓN
Centro catalogador/agencia de origen AR-LpoUNG
Lengua de catalogación spa
Centro/agencia transcriptor AR-LpoUNG
Normas de descripción aacr
041 ## - CÓDIGO DE LENGUA
Código de lengua del texto/banda sonora o título independiente ita
044 ## - CÓDIGO DEL PAÍS DE LA ENTIDAD EDITORA/PRODUCTORA
Código MARC del país ag
082 0# - NÚMERO DE LA CLASIFICACIÓN DECIMAL DEWEY
Número de clasificación 857 923des
100 1# - ENTRADA PRINCIPAL--NOMBRE DE PERSONA
Nombre de persona Monicelli, Mario
Término indicativo de función/relación dir.
245 14 - MENCIÓN DE TÍTULO
Título Los desconocidos de siempre
260 ## - PUBLICACIÓN, DISTRIBUCIÓN, ETC.
Lugar de publicación, distribución, etc. Buenos Aires :
Nombre del editor, distribuidor, etc. Renacimiento Video Comunicación,
Fecha de publicación, distribución, etc. 1990.
300 ## - DESCRIPCIÓN FÍSICA
Extensión VHS (105 min.) : son., byn
505 0# - NOTA DE CONTENIDO CON FORMATO
Nota de contenido con formato Hecha en 1958. - Créditos: Guión, Age Scarpelli; Susso Sechi, D'Amico; música, Piero Umiliani; fotografía, Gianni Di Venanzo.- Elenco: Marcello Mastroianni, Vittorio Gassman, Claudia Cardinale, Memmo Carotenuto , Renato Salvatori.
520 ## - SUMARIO, ETC.
Sumario, etc. Tres pobres diablos. Un Túnel. Un robo y una bella chica. Tres pobres diablos se proponen realizar un espectacular atraco al más genuino estilo americano: durante el fin de semana cavarán un túnel que les permitirá desvalijar una casa de empeños, naturalmente, nada saldrá como el plan previsto. Este argumento inspirado en la producción francesa Rififi (1955) de George Dassin, dio lugar a una de las obras más ingeniosas del neorrealismo tardío. Una excelente trabajo de dirección, un espléndido guión y un reparto idóneo. El versátil Mastroianni más divertido que nunca y Gassman tan histriónico como siempre, junto a la bellísima Claudia Cardinale y el inefable Totó (cuyas películas cómicas había codirigido Monicelli desde 1949), hacen de 'Los Desconocidos de Siempre', una de las mejores comedias de todos los tiempos y una amarga sátira acerca de la sociedad italiana de los años 50.
653 ## - TÉRMINO DE INDIZACIÓN--NO CONTROLADO
Término no controlado CINE ITALIANO
653 ## - TÉRMINO DE INDIZACIÓN--NO CONTROLADO
Término no controlado COMEDIA
653 ## - TÉRMINO DE INDIZACIÓN--NO CONTROLADO
Término no controlado VIDEOS
905 ## - ELEMENTOS DE DATOS E LOCAL, LDE (RLIN)
a 16374
942 ## - ELEMENTOS DE PUNTO DE ACCESO ADICIONAL (KOHA)
Tipo de ítem Koha Video
Existencias
Estado de retiro Estado de pérdida Estado dañado No para préstamo Código de colección Localización permanente Ubicación/localización actual Fecha de adquisición Total de préstamos Signatura topográfica completa Código de barras Fecha visto por última vez Precio válido a partir de Tipo de ítem Koha
        Colección Cine Biblioteca Universidad Nacional de General Sarmiento Biblioteca Universidad Nacional de General Sarmiento 02/02/2021   857 923des 00018169 02/02/2021 02/02/2021 Video
        Colección Cine Biblioteca Universidad Nacional de General Sarmiento Biblioteca Universidad Nacional de General Sarmiento 02/02/2021   857 923des 00040415 02/02/2021 02/02/2021 Video